000 00450nam a2200145Ia 4500
008 100204s9999 xx 000 0 und d
082 _b11894
100 _aकाळे भानू
245 _aकॉम्रेड
260 _b"ग्रंथाली वाचक चळवळ , मुंबई - कुर्ला"
_c1989
300 _a219
630 _aकॉम्रेड
730 _aकॉम्रेड
942 _cBOOK
999 _c456306
_d456303